| 000 | 01497nam a2200265Ia 4500 | ||
|---|---|---|---|
| 999 |
_c47809 _d47809 |
||
| 001 | 14683 | ||
| 003 | GE_BSU | ||
| 005 | 20191024143959.0 | ||
| 008 | 181216s2012||||ge |||||||||||||| ||geo|| | ||
| 020 | _a9789941927409 | ||
| 040 | _cGE_BSU | ||
| 041 | _ageo | ||
| 080 | _a392.3(=351.1)(560)+39(=351.1)(560)+94(351.1)(560)+325.254.5/6 ო-97 | ||
| 100 |
_aოქროსცვარიძე, ნინო _94993 |
||
| 245 |
_aოჯახი და საოჯახო ყოფა თურქეთელ ქართველებში = Turkish Georgian's family mode of life in Hayriye village : _bინეგოლის რ-ნის სოფ. ჰაირიეს მოსახლეობის მაგალითზე / _cნინო ოქროსცვარიძე ; კავკასიოლოგიის საერთაშ. კვლევითი ინ-ტი. |
||
| 264 |
_aთბილისი, _c2012. |
||
| 300 |
_a316 გვ. : _bილ.; _c20 სმ. |
||
| 500 | _aთავფურ. ქართ. და ინგლ.. | ||
| 501 | _aდანართები: გვ. 229-311. | ||
| 504 | _a ბიბლიოგრ.: გვ. 222-228. | ||
| 520 | _aრეზ. ინგლ.. | ||
| 653 | _a საოჯახო ყოფა თურქეთის საქართველოში | ||
| 710 |
_aკავკასიოლოგიის საერთაშ. კვლევითი ინ-ტი _94994 |
||
| 942 |
_cBK _2udc |
||